000 00311nam a2200097Ia 4500
008 220120s9999||||xx |||||||||||||| ||und||
100 _aAshwath, Ravikumar, Ranjitha and Shruthi
_912632
245 0 _aAutomatic street light control
260 _aCoorg Institute of Technology
_bPonnampet
_c2016
650 _aMECHANICAL
999 _c138230
_d138230